000 00315nam a2200133 i 4500
001 bg
100 1 _aŻUK, Daniela
245 0 _aĆwiczenia projektowe z maszyn rolniczych /
_cD. Żuk.
260 _aWarszawa,
_c1983.
040 _cBPK
041 _apol
942 _cKS
008 s pl f |000 0 pol
999 _c22086
_d22086
856 _uhttp://koha.tu.koszalin.pl/cgi-bin/koha/opac-detail.pl?biblionumber=22086
_yKatalog online BPK